| 000 | 00668nam a22000977a 4500 | ||
|---|---|---|---|
| 008 | 180305b xxu||||| |||| 00| 0 eng d | ||
| 100 | _aArch, Brad | ||
| 245 | _aCentenary souvenir sheet 1847-1947 | ||
| 260 |
_aClifton, NJ _bBrad Arch _c1997 |
||
| 650 | _aUnited States | Souvenir Sheets | 1947 | Anniversaries of Issues | Commemorative Issues | Centenary International Philatelic Exhibition (1947 : New York) | CIPEX | Stamps -- Histories | Designs | Unaccepted | Essays and Proofs | Plate Blocks and Numbers | Production | Covers | First Days | Cachets | Postal History | Postal Rates | United States Related | Air Mail | Transoceanic Mail | International Mail | Military Mail | ||
| 999 |
_c2649 _d2649 |
||